| 000 | 00944nam a2200217 i 4500 | ||
|---|---|---|---|
| 001 | 185927 | ||
| 003 | ES-MaACL | ||
| 005 | 20251003063200.0 | ||
| 008 | 160826s1913 gw |||| | ger d | ||
| 100 | 1 |
_aForst de Battaglia, Otto, _d1889-1965 _9160582 |
|
| 245 | 1 | 0 |
_aGenealogie / _cvon Otto Forst-Battaglia. |
| 260 |
_aLeipzig [etc.] : _bB.G. Teubner, _c1913. |
||
| 300 |
_aIV, 68 p. ; _c26 cm. |
||
| 490 | 1 |
_aGrundriss der Geschichtswissenschaft zur Einführung in das Studium der deutschen Geschichte des Mittelalters und der Neuzeit ; _v1 |
|
| 505 | 8 | _aContiene bibliografías: "Die literatur zur genealogie": p. 44-54. | |
| 650 | 0 | 4 |
_aGenealogía. _913045 |
| 650 | 0 | 4 |
_aGenealogía- _vBibliografías. _913046 |
| 830 | 0 |
_aGrundriss der Geschichtswissenschaft zur Einführung in das Studium der deutschen Geschichte des Mittelalters und der Neuzeit ; _v1 _9225307 |
|
| 852 |
_aES-MaACL _jG-15708 |
||
| 999 |
_c185927 _d185927 |
||